000 00589nam a22001937a 4500
003 OSt
005 20180116183042.0
008 160223b xxu||||| |||| 00| 0 eng d
020 _a30-120-2010-1
040 _cLahore University of Management Sciences.
050 _a174.4
082 _a174.4 LUMS 2010
100 _aCHATHA, KA
245 _aPROJECT MONITORING AND EVALUATION AT PUNJAB RURAL SUPPORT PROGRAMME(PRSP).
_cKamran Ali Chatha.
260 _aLahore.
_bLahore University of Management Sciences.
_c2010.
300 _a31p.
500 _aPaper Cover
942 _2ddc
_cCS
_k174.4
999 _c351275
_d351275